000 00874cam a22002651 4500
001 10492
003 BD-RjUL
005 20211208234950.0
008 870327s1963 maua b 000 0 eng
035 _a(BD-RjUL)10540
040 _aDLC/ICU
_cICU
_dDLC
_beng
041 _aeng
082 0 0 _a546
_219
_bHAI 1963
100 1 _aHarvey, Kenneth B.
_932408
245 1 0 _aIntroduction to physical inorganic chemistry /
_cKenneth B. Harvey; Gerald B. Porter.
260 _aReading, Mass. :
_bAddison Wesley Pub. Co.,
_cc1963.
300 _ax, 437 p. :
_bill. ;
_c24 cm.
504 _aIncludes bibliographies.
650 0 _aPhysical inorganic chemistry.
_932409
700 1 _aPorter, Gerald B.,
_ejoint author.
_932410
830 _aAddison-Wesley series in chemistry
_9200959
942 _2ddc
_cBK
999 _c10492
_d10492